000 00502nam a22001457a 4500
003 macl
005 20181031133901.0
008 181031b xxu||||| |||| 00| 0 eng d
040 _cmacl
100 _aउपकार
_973042
245 _aएस एस सी मल्‍टी टासिकंग गैर तकनीकी भर्ती परीक्षा सॉल्‍वड पेपर्स
260 _aagra
_bउपकार
_c2018
650 _aG k
_917291
942 _2ddc
_cHIN
999 _c58510
_d58510